<?xml version="1.0" encoding="UTF-8"?><?xml-stylesheet type="text/xsl" href="static/style.xsl"?><OAI-PMH xmlns="http://www.openarchives.org/OAI/2.0/" xmlns:xsi="http://www.w3.org/2001/XMLSchema-instance" xsi:schemaLocation="http://www.openarchives.org/OAI/2.0/ http://www.openarchives.org/OAI/2.0/OAI-PMH.xsd"><responseDate>2026-06-01T19:50:51Z</responseDate><request verb="GetRecord" identifier="oai:riuma.uma.es:10630/39558" metadataPrefix="marc">https://riuma.uma.es/rest/oai/request</request><GetRecord><record><header><identifier>oai:riuma.uma.es:10630/39558</identifier><datestamp>2026-02-03T11:16:05Z</datestamp><setSpec>com_10630_2254</setSpec><setSpec>col_10630_37953</setSpec></header><metadata><record xmlns="http://www.loc.gov/MARC21/slim" xmlns:dcterms="http://purl.org/dc/terms/" xmlns:doc="http://www.lyncode.com/xoai" xmlns:xsi="http://www.w3.org/2001/XMLSchema-instance" xsi:schemaLocation="http://www.loc.gov/MARC21/slim http://www.loc.gov/standards/marcxml/schema/MARC21slim.xsd">
   <leader>00925njm 22002777a 4500</leader>
   <datafield ind2=" " ind1=" " tag="042">
      <subfield code="a">dc</subfield>
   </datafield>
   <datafield ind2=" " ind1=" " tag="720">
      <subfield code="a">Rodríguez-García, Marta</subfield>
      <subfield code="e">author</subfield>
   </datafield>
   <datafield ind2=" " ind1=" " tag="720">
      <subfield code="a">Burgos-Molina, Antonio Manuel</subfield>
      <subfield code="e">author</subfield>
   </datafield>
   <datafield ind2=" " ind1=" " tag="720">
      <subfield code="a">González Vidal, Alejandro</subfield>
      <subfield code="e">author</subfield>
   </datafield>
   <datafield ind2=" " ind1=" " tag="720">
      <subfield code="a">Sendra-Portero, Francisco</subfield>
      <subfield code="e">author</subfield>
   </datafield>
   <datafield ind2=" " ind1=" " tag="720">
      <subfield code="a">Bernal, Manuel</subfield>
      <subfield code="e">author</subfield>
   </datafield>
   <datafield ind2=" " ind1=" " tag="720">
      <subfield code="a">Ruiz-Gómez, Miguel José</subfield>
      <subfield code="e">author</subfield>
   </datafield>
   <datafield ind2=" " ind1=" " tag="260">
      <subfield code="c">2025</subfield>
   </datafield>
   <datafield ind2=" " ind1=" " tag="520">
      <subfield code="a">Purpose:  The development of radiation resistance by tumor cells severely affects the survival of colorectal cancer patients. The aim of this work is to study the molecular mechanisms involved in the resistance to radiotherapy treatment in colorectal cancer and the identification of key genes as possible biomarkers.&#xd;
Methods:  Data mining was performed in PubMed with the keywords ‘colorectal neoplasms’, ‘radiotherapy’, and ‘resistance’, generating a total of 242 articles in which a series of inclusion and exclusion criteria were applied to select the articles of interest. Then, an in-silico analysis of the selected genes was performed with the bioinformatic tools: GeneCodis, Metascape, KEGG, REACTOME, STRING, STITCH, CHEA3, DGIdb, CTD, and GEPIA.&#xd;
Results:  Different mechanisms and genes involved in radiation resistance were described. These are related to evasion of apoptosis, cell cycle dysregulation, epithelial-mesenchymal transition, and repair of DNA breaks, with the last one being the most relevant and influential. The In-silico study carried out with 21 genes involved in radiation resistance showed the implication of FoxO signaling and EGFR tyrosine kinase inhibitor resistance as the most enriched pathways. In addition, the study identified the key proteins AURKA, BIRC5, and PLK1, showing multiple interacting chemicals and drugs; such as tamoxifen, omacetaxine mepesuccinate, and hydroxyzine pamoate, among others. Conclusion:  The identification of multiple transcription factors that regulate the expression of these key genes as well as the validation in patient samples where higher expression is observed in tumor patients, conserved across tumor stages I-IV, suggests their potential as possible biomarkers.</subfield>
   </datafield>
   <datafield ind1="8" ind2=" " tag="024">
      <subfield code="a">Marta Rodríguez-García, Antonio M. Burgos-Molina, Alejandro González-Vidal, Francisco Sendra-Portero, Manuel Bernal &amp; Miguel J. Ruiz-Gómez (2025) Molecular mechanisms of radiation resistance in colorectal cancer: in silico identiﬁcation of AURKA, BIRC5 and PLK1 proteins as potential biomarkers, International Journal of Radiation Biology, 101:7, 685-697, DOI: 10.1080/09553002.2025.2496079</subfield>
   </datafield>
   <datafield ind1="8" ind2=" " tag="024">
      <subfield code="a">https://hdl.handle.net/10630/39558</subfield>
   </datafield>
   <datafield ind1="8" ind2=" " tag="024">
      <subfield code="a">10.1080/09553002.2025.2496079</subfield>
   </datafield>
   <datafield tag="653" ind2=" " ind1=" ">
      <subfield code="a">Cáncer colorrectal</subfield>
   </datafield>
   <datafield tag="653" ind2=" " ind1=" ">
      <subfield code="a">Radioterapia</subfield>
   </datafield>
   <datafield ind2="0" ind1="0" tag="245">
      <subfield code="a">Molecular mechanisms of radiation resistance in colorectal cancer: in silico identiﬁcation of AURKA, BIRC5 and PLK1 proteins as potential biomarkers</subfield>
   </datafield>
</record>
</metadata></record></GetRecord></OAI-PMH>